Electric motors and drives : (رقم التسجيلة. 35085)

تفاصيل مارك
000 -الفاتح
حقل البيانات ثابتة الطول 00715nam a22002297a 4500
003 - محدد رقم الضبط
رقم الضبط OSt
005 - وقت وتاريخ اخر تعامل مع التسجيلة
رقم الضبط 20150408114218.0
008 - عناصر البيانات ثابتة الطول - معلومات عامة
حقل البيانات ثابتة الطول 140515s2013 enka f b 001 0 eng d
020 ## - الرقم الدولى المعيارى للكتب
الرقم الدولى المعيارى للكتاب 9780080983325
040 ## - مصدر الفهرسة
وكالة الفهرسة الأصلية Ma-Un
082 04 - رقم تصنيف ديوى العشرى
رقم الطبعة 22
رقم التصنيف 621.46
رقم المادة HAE
100 1# - المدخل الرئيسى - إسم شخصى
الإسم الشخصى Hughes, Austin
9 (RLIN) 45140
245 10 - بيان العنوان
العنوان Electric motors and drives :
بقية العنوان fundamentals, types and applications /
بيان المسئوليه,etc Austin Hughes and Bill Drury.
250 ## - بيان الطبعة
بيان الطبعة 4th ed.
260 ## - PUBLICATION, DISTRIBUTION, ETC. (IMPRINT)
مكان الناشر او الموزع Oxford :
اسم الناشر او الموزع Newnes,
تاريخ النشر أو التوزيع 2013.
300 ## - الوصف المادى
التعداد xi, 436 p. :
تفاصيل ماديه اخرى للوعاء ill. ;
أبعاد الوعاء 24 cm.
504 ## - تبصرة ببليوجرافية
تبصرة ببليوجرافية,الخ Includes bibliographical references and index.
650 ## - المدخل الاضافى بالموضوع-مصطلح موضوعى
مصطلح موضوعي أو اسم جغرافي كعنصر مدخل Electric driving
9 (RLIN) 13258
650 ## - المدخل الاضافى بالموضوع-مصطلح موضوعى
مصطلح موضوعي أو اسم جغرافي كعنصر مدخل Electric motors
9 (RLIN) 13257
700 1# - المدخل الاضافى - اسم شخصى
الإسم الشخصى Drury, Bill,
الدور author.
9 (RLIN) 45141
942 ## - عناصر المدخل الإضافي( كوها)
مصدر التصنيف او مخطط الترفيف Dewey Decimal Classification
Koha [default] item type كتاب
المقتنيات
حالة الفقد نموذج السعر الفعال حالة تلف ليس للاعارة رقم الطلب رقم النسخة تاريخ الاكتساب مصدر التزويد الموقع الحالي الباركود الفرع الرئيسي Date last seen نوع المادة فى نظام كوها مصدر التصنيف او خطة الترفيف Total Checkouts
  2014-05-15   Not For Loan 621.46 HAE 1 2014-05-15 دار العرب المكتبة المركزية بالمجمعة (CL) 00211392 المكتبة المركزية بالمجمعة (CL) 2014-05-15 كتاب Dewey Decimal Classification  
  2014-05-15   Not For Loan 621.46 HAE 1 2014-05-15 دار العرب مكتبة مجمع الكليات بالزلفى - طلاب (SZM) 00211393 مكتبة مجمع الكليات بالزلفى - طلاب (SZM) 2014-05-15 كتاب Dewey Decimal Classification  
  2014-05-15     621.46 HAE 2 2014-05-15 دار العرب مكتبة مجمع الكليات بالزلفى - طلاب (SZM) 00211394 مكتبة مجمع الكليات بالزلفى - طلاب (SZM) 2014-05-15 كتاب Dewey Decimal Classification